| 000 | 00344nam a22001457a 4500 | ||
|---|---|---|---|
| 008 | 250525b |||||||| |||| 00| 0 eng d | ||
| 020 | _a0140390022 | ||
| 050 |
_aPS3507 _b.D74 |
||
| 100 | _aDreiser, Theodore | ||
| 245 | _aSister carirre | ||
| 260 |
_aNew york _bPenguin books ltd. |
||
| 300 | _axviii, 499p. | ||
| 650 | _aFiction | ||
| 942 | _cBK | ||
| 999 |
_c3671 _d3671 |
||